[Event "Kiev-ch"]
[Site "Kiev"]
[Date "2000.??.??"]
[Round "?"]
[White "Cherno Ivanov, Konstantin"]
[Black "Kislinsky, Alexey"]
[Result "1/2-1/2"]
[WhiteElo "2261"]
[BlackElo "2331"]
[PlyCount "123"]
[EventDate "2000.??.??"]
[EventType "swiss"]
[EventRounds "11"]
[EventCountry "UKR"]
[SourceTitle "EXT 2001"]
[Source "ChessBase"]
[SourceDate "2000.11.22"]
[SourceVersion "1"]
[SourceVersionDate "2000.11.22"]
[SourceQuality "1"]

1. e4 c5 2. c3 g6 3. d4 cxd4 4. cxd4 d5 5. exd5 Nf6 6. Bb5+ Nbd7 7. d6 Ne4 8. dxe7 Bxe7 9. Nc3 Nxc3 10. bxc3 Qa5 11. Qb3 0-0 12. Nf3 Nb6 13. Bd2 Be6 14. c4 Qa3 15. d5 Bf5 16. Bc1 Qxb3 17. axb3 a6 18. Ba4 Bf6 19. Ra2 Bb1 20. Ra3 Bc3+ 21. Kd1 Rad8 22. Bh6 Bb2 23. Bxf8 Kxf8 24. Nd2 Bxa3 25. Nxb1 Bb4 26. Kc2 Nc8 27. Nc3 Nd6 28. Na2 Ba3 29. Nc3 Bb4 30. Na2 Ba3 31. Nc3 Bc5 32. f3 f5 33. Kd3 Nf7 34. Re1 Bd6 35. h3 Rb8 36. Kd4 Rc8 37. Bd7 Rd8 38. Be6 Ng5 39. c5 Bg3 40. Re2 Kg7 41. d6 b6 42. b4 a5 43. Nd5 axb4 44. c6 Bxd6 45. Kc4 b5+ 46. Kb3 Re8 47. c7 Bxc7 48. Nxc7 Re7 49. h4 Nxf3 50. gxf3 Rxc7 51. Kxb4 Re7 52. Kc5 Kf6 53. Kd6 b4 54. Bc4 Rxe2 55. Bxe2 b3 56. f4 b2 57. Bd3 h6 58. Kd5 g5 59. hxg5+ hxg5 60. fxg5+ Kxg5 61. Kd4 Kf4 62. Kc3 1/2-1/2

[Event "Kiev-ch"]
[Site "Kiev"]
[Date "2000.??.??"]
[Round "?"]
[White "Cherno Ivanov, Konstantin"]
[Black "Matorin, Evgeny"]
[Result "1-0"]
[WhiteElo "2261"]
[BlackElo "2472"]
[PlyCount "99"]
[EventDate "2000.??.??"]
[EventType "swiss"]
[EventRounds "11"]
[EventCountry "UKR"]
[SourceTitle "EXT 2001"]
[Source "ChessBase"]
[SourceDate "2000.11.22"]
[SourceVersion "1"]
[SourceVersionDate "2000.11.22"]
[SourceQuality "1"]

1. e4 c5 2. c3 g6 3. d4 cxd4 4. cxd4 Bg7 5. Nc3 d6 6. Nf3 Nf6 7. Be2 0-0 8. 0-0 Nc6 9. h3 Bd7 10. Be3 Qb8 11. Rc1 b5 12. e5 dxe5 13. dxe5 Nxe5 14. Nxe5 Qxe5 15. Bd4 Qd6 16. Nxb5 Bxb5 17. Bxb5 Qb4 18. Bc6 Rac8 19. Bxa7 Qxb2 20. Qb3 Nd7 21. Qb7 Nb8 22. Rb1 Qe5 23. Bf3 Rc7 24. Qxb8 Rxb8 25. Bxb8 Bf6 26. Rb7 Qe6 27. Bxc7 Qxa2 28. Bf4 Kg7 29. Rd1 h5 30. Be3 Qa4 31. Rbd7 Kh7 32. R7d5 Qe8 33. Bd4 e6 34. Ra5 e5 35. Ba1 Bg7 36. Re1 f6 37. Bd5 Qd8 38. Bc3 Qc7 39. Rc1 Bh6 40. Rc2 Bf8 41. Rb5 Bg7 42. Rb7 Qd6 43. Rd2 Qc5 44. Bb4 Qc1+ 45. Kh2 h4 46. Ra2 Qf4+ 47. g3 hxg3+ 48. fxg3 Qd4 49. Bg2 Kh6 50. Rd2 1-0

[Event "Kiev-ch"]
[Site "Kiev"]
[Date "2000.??.??"]
[Round "?"]
[White "Shianovsky, Vladislav I"]
[Black "Cherno Ivanov, Konstantin"]
[Result "0-1"]
[WhiteElo "2310"]
[BlackElo "2261"]
[PlyCount "94"]
[EventDate "2000.??.??"]
[EventType "swiss"]
[EventRounds "11"]
[EventCountry "UKR"]
[SourceTitle "EXT 2001"]
[Source "ChessBase"]
[SourceDate "2000.11.22"]
[SourceVersion "1"]
[SourceVersionDate "2000.11.22"]
[SourceQuality "1"]

1. e4 d6 2. d4 Nf6 3. Nc3 g6 4. Nf3 Bg7 5. Be2 c6 6. 0-0 0-0 7. h3 b5 8. e5 Ne8 9. a4 b4 10. Ne4 Nd7 11. c3 d5 12. Ng3 c5 13. cxb4 cxd4 14. Qxd4 Nc7 15. Bd2 f6 16. exf6 Bxf6 17. Qe3 e5 18. b5 Kh8 19. h4 Bb7 20. h5 d4 21. Qh6 Bg7 22. Qg5 e4 23. hxg6 exf3 24. Qxd8 Raxd8 25. Rfc1 Ne6 26. gxf3 Ne5 27. Bb4 Rfe8 28. Nh5 hxg6 29. Nxg7 Kxg7 30. f4 Nxf4 31. Rc7+ Rd7 32. Rxd7+ Nxd7 33. Bf1 Ne5 34. f3 Nxf3+ 35. Kf2 Rc8 36. Bd6 Rc2+ 37. Kg3 Nh5+ 38. Kg4 Nf6+ 39. Kg3 Ne4+ 40. Kxf3 Nxd6+ 41. Kf4 Kf6 42. Bd3 Rd2 43. Ra3 Rg2 44. Bxg6 Rxg6 45. b6 a6 46. Rd3 Nf5 47. b4 Rh6 0-1